| 000 | 01332nam a2200349 i 4500 | ||
|---|---|---|---|
| 001 | 768714001 | ||
| 003 | CO-MdFUSB | ||
| 005 | 20230314124239.0 | ||
| 007 | ta | ||
| 008 | 160701t2017 -us b |||1 ||eng|d | ||
| 020 | _a9780310533870 | ||
| 040 |
_aBTCTA _beng _erda _cCO-MdFUSB _dCO-MdFUSB |
||
| 041 |
_aeng _hheb _hara |
||
| 082 |
_223 _a221.44 _bM679s |
||
| 100 | 1 |
_aMitchel, Larry A, _eautor |
|
| 245 | 1 | 2 |
_aA student's vocabulary for biblical hebrew and aramaic _c/ Larry A. Mitchel |
| 264 | 1 |
_aGrand Rapids, MI : _bZondervan, _c[2017] |
|
| 264 | 4 | _c© 2017 | |
| 300 |
_a125 páginas ; _c21 cm. |
||
| 336 |
_2rdacontent. _atexto _btxt |
||
| 337 |
_2rdamedia. _asin mediación _bn |
||
| 338 |
_2rdacarrier. _avolumen _bnc |
||
| 504 | _aIncluye referencias bibliográficas (páginas 22-23) e índices. | ||
| 505 | 0 | _aPalabras hebreas que aparecen más de 500 veces -- Palabras hebreas que aparecen 500-200 veces -- Palabras hebreas que aparecen 199-100 veces -- Palabras hebreas que aparecen 99-50 veces -- Palabras hebreas que aparecen 49-10 veces -- Vocabulario arameo. | |
| 563 | _aRústico | ||
| 630 | 0 | 7 |
_aBiblia. _pAntiguo Testamento _xCrítica, interpretación, etc. |
| 653 | _alenguaje hebreo | ||
| 653 | _alenguaje arameo | ||
| 942 | _cBK | ||
| 945 | _aMag1104 | ||
| 999 |
_c68587 _d68587 |
||